000 00581nam a2200205Ia 4500
005 20250923145516.0
008 008 250917s9999 xx 000 0 eng d
037 _aTextual
040 _aDSWL
_beng
_cDSWL
041 _aeng
_2eng
084 _aX8(J):322.25'M, N79
_qDSWL
100 _aMetcalf, T.R.
_9836043
245 0 _aLand, Landlords, and the British Raj
_c by T.R.Metcalf
260 _aDelhi
_bOxford
_c1979
300 _axv,436p.
365 _aINR
_b90
925 _g90
942 _cTEXL
_hX8(J):322.25'M, N79
999 _c1452215
_d1452215